000 00485nam a2200181Ia 4500
003 OSt
005 20250206162514.0
008 210210b1931 xxu||||| |||| 00| 0 eng d
040 _cAL
041 _akan
082 _a859/926
100 _aNARAHARI SHARMA
_9145493
_dನರಹರಿ ಶರ್ಮಾ
245 _aDushtachatushtaya:
_bದುಷ್ಟಚತುಶ್ಚಯ
260 _aBengaluru
_b-
_c1931
690 _aKannada Fiction
_9145494
906 _a021676
942 _2ddc
_cBK
999 _c145772
_d145772